Sports Quiz

Random Sports Quiz

UEFA Champions League 2012 : Real Madrid Journey's Quiz Stats

 Plays Quiz not verified by Sporcle

Challenge
Share
Tweet
Embed
Score 0/36 Timer 04:00
0 Plays Today
Hint Answer % Correct
Goal ScorerCristiano Ronaldo (10 Goals)
98.4%
Goal ScorerSergio Ramos (1 Goal)
95.1%
CoachJosé Mourinho (Portugal)
93.4%
CaptainIker Casillas
91.8%
Goal ScorerKarim Benzema (7 Goals)
91.8%
OpponentFC Bayern München (A)
86.9%
OpponentFC Bayern München (H)
85.2%
Final PositionSemifinal
83.6%
Goal ScorerMesut Özil (2 Goal)
83.6%
Goal ScorerÁngel Di María (2 Goals)
82%
Score2-1
75.4%
Score2-1 (Agg : 3-3) (PSO : RMA 1-3 BAY)
75.4%
Score3-0
70.5%
Goal ScorerRicardo Kaká (3 Goal)
70.5%
Score4-0
68.9%
Score1-1
68.9%
Score0-3
65.6%
Score4-1 (Agg : 5-2)
65.6%
Hint Answer % Correct
Score0-3
65.6%
OpponentAjax Amsterdam (A)
63.9%
OpponentAjax Amsterdam (H)
63.9%
Score0-1
62.3%
Score0-2
59%
Goal ScorerSami Khedira (1 Goal)
59%
OpponentOlympique Lyonnais (H)
57.4%
OpponentOlympique Lyonnais (A)
57.4%
OpponentAPOEL FC (A)
57.4%
OpponentAPOEL FC (H)
57.4%
Goal ScorerJosé Callejón (5 Goals)
55.7%
Score5-2 (Agg : 8-2)
50.8%
OpponentCSKA Moscow (A)
47.5%
OpponentCSKA Moscow (H)
47.5%
OpponentDinamo Zagreb (A)
42.6%
OpponentDinamo Zagreb (H)
42.6%
Score6-2
41%
Goal ScorerHugo Lloris (O.G)
11.5%

You're not logged in!

Compare scores with friends on all Sporcle quizzes.
Join for Free
OR
Log In

You Might Also Like...

Show Comments

Extras

Top Quizzes Today


Score Distribution

Your Account Isn't Verified!

In order to create a playlist on Sporcle, you need to verify the email address you used during registration. Go to your Sporcle Settings to finish the process.

Report this User

Report this user for behavior that violates our Community Guidelines.

Details: